Readings in social research and the life cycle from Australia and New Zealand /

সংরক্ষণ করুন:
গ্রন্থ-পঞ্জীর বিবরন
সংস্থা লেখক: Australian National University. Faculty of Arts
অন্যান্য লেখক: Dent, Owen F., 1940- (ed.), Kringas, Paul (joint ed.), Mugford, Stephen K. (joint ed.)
বিন্যাস: গ্রন্থ
ভাষা:English
প্রকাশিত: Canberra : Faculty of Arts, Australian National University, 1977.
বিষয়গুলি:
LEADER 01352nam a2200313 i 4500
001 c000147275
003 CARM
005 00000000000000.0
008 790808s1977 at b 00010 eng d
019 1 |a 21761396  |z 22512796  |z 1493353  |z 57703556  |5 LACONCORD2021 
020 |a 0909851166 :  |c $8.47 Aust. 
035 |a (OCoLC)5063976  |5 LACONCORD2021 
042 |a anuc 
043 |a u-at---  |a u-nz--- 
245 0 0 |a Readings in social research and the life cycle from Australia and New Zealand /  |c edited by Owen F. Dent, Paul R. Kringas [and] Stephen K. Mugford. 
260 |a Canberra :  |b Faculty of Arts, Australian National University,  |c 1977. 
300 |a xiv,523p. :  |b graphs ;  |c 25cm. 
500 |a Man. Social behaviour. Study regions: Australia & New Zealand. Readings (ANB/PRECIS SIN 0259675) 
504 |a Includes bibliographies. 
650 0 |a Human behavior. 
650 0 |a Social psychology. 
700 1 1 |a Dent, Owen F.,  |d 1940-  |e ed. 
700 1 1 |a Kringas, Paul.  |e joint ed. 
700 1 1 |a Mugford, Stephen K.  |e joint ed. 
710 2 0 |a Australian National University.  |b Faculty of Arts. 
852 8 |b CARM  |h A2:AF08F0  |i C01397  |p 0029640  |f BK 
082 0 4 |a 301.1/08 
999 f f |i c12ecfe6-7ada-5581-855a-eac5b175c71a  |s 24cc5934-e5b7-531b-8146-ef425516e2a5 
952 f f |p Can circulate  |a CAVAL  |b CAVAL  |c CAVAL  |d CARM 1 Store  |e C01397  |f A2:AF08F0  |h Other scheme  |i book  |m 0029640